000 00856cam a2200277 4500
008 090401t1997 xxu||||| |||| 00| 0 eng d
020 _a0750633891
035 _a(Sirsi) u77400
041 _aeng
050 _a658.4
100 _aWilson, David A.
245 _aManaging information.
250 _a2nd ed.
260 _aOxford
_bButterworth-Heinemann
_c1997
300 _axiv,193p. : ill. ; 24cm.
350 _a15.99
490 _aInstitute of Management Series
520 _aPublished in association with the Institute of Management.
650 _aMANAGEMENT-BUSINESS MANAGEMENT-INFORMATION MANAGEMENT
650 _aINFORMATION RESOURCES MANAGEMENT
650 _aMANAGING INFORMATION
690 _aMANAGEMENT-BUSINESS MANAGEMENT-PROFESSIONAL PRACTICE
710 _aInstitute of Management
_91411
942 _n0
948 _c25/03/1997
999 _c96304
_d96304